[Event "St.Petersburg Rapid 2016"]
[Site "St Petersburg RUS"]
[Date "2016.08.27"]
[Round "1.1"]
[White "Morozevich, Alexander"]
[Black "Markhanov, Vladislav"]
[Result "1-0"]
[WhiteTitle "GM"]
[WhiteElo "2683"]
[BlackElo "2073"]
[WhiteFideId "4116992"]
[BlackFideId "24103993"]
[EventDate "2016.08.27"]

1. e4 c5 2. Nf3 Nc6 3. d4 cxd4 4. Nxd4 Nf6 5. Nc3 e5 6. Ndb5 d6 7. Bg5 a6 8. Na3
b5 9. Nd5 Be7 10. Bxf6 Bxf6 11. c4 b4 12. Nc2 a5 13. g3 O-O 14. h4 Be6 15. Qd2
Bxd5 16. cxd5 Nd4 17. Nxd4 exd4 18. Bb5 Rc8 19. Bc6 Qe7 20. Qd3 h6 21. Kf1 g6
22. Kg2 Bg7 23. Rhe1 Qd8 24. f4 Qc7 25. Re2 Qb6 26. Rae1 Rxc6 27. dxc6 Qxc6 28.
Rc2 Qb7 29. Qc4 Qe7 30. Qd5 Re8 31. Rc6 Rd8 32. Rec1 Rd7 33. Rc8+ Kh7 34. h5 Qf6
35. hxg6+ Kxg6 36. R1c7 Rxc7 37. Rxc7 d3 38. Kf3 Kh7 39. Qxf7 Qxb2 40. Qf5+ 1-0

[Event "St.Petersburg Rapid 2016"]
[Site "St Petersburg RUS"]
[Date "2016.08.27"]
[Round "1.2"]
[White "Shemyakin, Valeriy"]
[Black "Popov, Ivan RUS"]
[Result "1/2-1/2"]
[BlackTitle "GM"]
[WhiteElo "2015"]
[BlackElo "2596"]
[WhiteFideId "14132818"]
[BlackFideId "4170350"]
[EventDate "2016.08.27"]

1. d4 Nf6 2. Nf3 c5 3. g3 cxd4 4. Nxd4 d5 5. Bg2 e5 6. Nb3 Be6 7. c4 Nc6 8. cxd5
Bxd5 9. O-O Bxg2 10. Kxg2 h6 11. Nc3 Bb4 12. Bd2 O-O 13. Rc1 Qe7 14. a3 Bxc3 15.
Bxc3 Rfd8 16. Qc2 Nd5 17. Rfd1 Rac8 18. e4 Nb6 19. Rxd8+ Rxd8 20. Rd1 Rxd1 21.
Qxd1 Na4 22. Qd2 Qe6 23. Na5 Nxa5 24. Qd8+ Kh7 25. Qxa5 Nxc3 26. Qxc3 Qd6 27.
Qb3 Qd7 28. Qc3 f6 29. Qc5 b6 30. Qc3 Qd1 31. Qc8 Qd4 32. Qf5+ Kg8 33. b4 Kf7
34. Qf3 b5 35. h4 a6 1/2-1/2

[Event "St.Petersburg Rapid 2016"]
[Site "St Petersburg RUS"]
[Date "2016.08.27"]
[Round "1.4"]
[White "Bekhovskiy, Mikhail"]
[Black "Dubov, Daniil"]
[Result "0-1"]
[BlackTitle "GM"]
[WhiteElo "2260"]
[BlackElo "2648"]
[WhiteFideId "24128317"]
[BlackFideId "24126055"]
[EventDate "2016.08.27"]

1. d4 Nf6 2. Nf3 e6 3. Bf4 b6 4. e3 Bb7 5. Nbd2 g6 6. Bd3 Bg7 7. O-O O-O 8. c3
d6 9. Qe2 Nbd7 10. e4 e5 11. dxe5 dxe5 12. Bxe5 Nxe5 13. Nxe5 Nh5 14. Ndf3 Re8
15. Bb5 Rxe5 16. Nxe5 Nf4 17. Qg4 Bxe5 18. g3 h5 19. Qd7 Qf6 20. gxf4 Qxf4 21.
Qh3 Qxe4 22. f3 Qe3+ 23. Kh1 Rd8 24. Rae1 Qc5 25. Bd7 Kg7 26. Rg1 Qd5 27. Ref1
Rxd7 28. Qxh5 Bf4 29. Qxd5 Rxd5 30. Rg4 g5 31. h4 Rd3 32. Kg2 f5 0-1

[Event "St.Petersburg Rapid 2016"]
[Site "St Petersburg RUS"]
[Date "2016.08.27"]
[Round "1.5"]
[White "Matlakov, Maxim"]
[Black "Shadrin, Anton"]
[Result "1-0"]
[WhiteTitle "GM"]
[WhiteElo "2686"]
[BlackElo "2066"]
[WhiteFideId "4168003"]
[BlackFideId "4158881"]
[EventDate "2016.08.27"]

1. e4 e5 2. Nf3 Nc6 3. Bc4 Nf6 4. d3 Be7 5. O-O O-O 6. a4 d5 7. exd5 Nxd5 8. Re1
Bg4 9. h3 Bh5 10. Nbd2 Nf4 11. Kh2 Qd7 12. Bb5 Bd6 13. Ne4 f5 14. Ng3 Nxh3 15.
gxh3 e4 16. dxe4 Bxg3+ 17. fxg3 Qxd1 18. Rxd1 Bxf3 19. Rd7 Bxe4 20. Bf4 a6 21.
Bc4+ Kh8 22. c3 Na5 23. Ba2 c5 24. Be5 Rg8 25. Bxg8 Rxg8 26. Rad1 Nc4 27. Re7
Nxe5 28. Rxe5 c4 29. g4 g6 30. Rd4 Rc8 31. Kg3 Kg7 32. Re7+ Kg8 33. Rdd7 Kf8 1-0

[Event "St.Petersburg Rapid 2016"]
[Site "St Petersburg RUS"]
[Date "2016.08.27"]
[Round "1.6"]
[White "Kamnev, Alexander"]
[Black "Ponkratov, Pavel"]
[Result "0-1"]
[BlackTitle "GM"]
[WhiteElo "2101"]
[BlackElo "2589"]
[WhiteFideId "24176753"]
[BlackFideId "4157800"]
[EventDate "2016.08.27"]

1. e4 g6 2. d4 Bg7 3. Nc3 d5 4. exd5 Nf6 5. Bc4 Nbd7 6. d6 cxd6 7. Nf3 O-O 8.
O-O a6 9. a4 b6 10. Re1 Bb7 11. Qe2 e6 12. Bf4 Qe7 13. Rad1 Rfc8 14. Bb3 Nh5 15.
Bg5 Bxf3 16. Bxe7 Bxe2 17. Nxe2 d5 18. Bg5 Nhf6 19. f3 Ne8 20. Bf4 Nb8 21. Nc3
Nc6 22. Ne2 Na5 23. Rc1 b5 24. Bd2 Nxb3 25. cxb3 Nd6 26. Kf2 Nf5 27. Bc3 b4 28.
Bxb4 Nxd4 29. Rxc8+ Rxc8 30. Rc1 Re8 31. Be1 Nxb3 32. Rc6 a5 33. Ra6 Rb8 34.
Bxa5 Nxa5 35. Rxa5 Rxb2 36. Rb5 Ra2 37. a5 Bc3 0-1

[Event "St.Petersburg Rapid 2016"]
[Site "St Petersburg RUS"]
[Date "2016.08.27"]
[Round "1.7"]
[White "Alekseev, Evgeny"]
[Black "Dushin, Nikolay"]
[Result "1-0"]
[WhiteTitle "GM"]
[WhiteElo "2636"]
[BlackElo "1948"]
[WhiteFideId "4138147"]
[BlackFideId "4114612"]
[EventDate "2016.08.27"]

1. e4 c6 2. d4 d5 3. e5 Bf5 4. h4 h6 5. g4 Bd7 6. Nc3 e6 7. Be3 Bb4 8. a3 Bxc3+
9. bxc3 Qa5 10. Bd2 Qa4 11. Qb1 b5 12. h5 Ne7 13. Qb3 Qxb3 14. cxb3 Na6 15. Nf3
c5 16. a4 c4 17. axb5 Bxb5 18. bxc4 dxc4 19. Be2 Nc7 20. O-O Kd7 21. Ne1 a6 22.
Nc2 Ncd5 23. Na3 Rac8 24. Rfb1 f5 25. Nxb5 axb5 26. Rxb5 Rc7 27. Ra6 Nc8 28.
gxf5 Nde7 29. fxe6+ Ke8 30. d5 1-0

[Event "St.Petersburg Rapid 2016"]
[Site "St Petersburg RUS"]
[Date "2016.08.27"]
[Round "1.8"]
[White "Mikhailov, Evgeniy"]
[Black "Pridorozhni, Aleksei"]
[Result "0-1"]
[BlackTitle "GM"]
[WhiteElo "2011"]
[BlackElo "2579"]
[WhiteFideId "34145742"]
[BlackFideId "4127870"]
[EventDate "2016.08.27"]

1. e4 c5 2. Nf3 Nc6 3. Bb5 e6 4. Bxc6 bxc6 5. e5 f6 6. O-O Ne7 7. Re1 Ng6 8. d3
Be7 9. c4 Qc7 10. exf6 gxf6 11. Nc3 O-O 12. Bh6 Rf7 13. Qd2 d5 14. b3 Qd6 15.
Rad1 e5 16. Qe2 Bd7 17. Nd2 f5 18. Qh5 d4 19. Na4 Bf8 20. Bxf8 Raxf8 21. Qe2 Rg7
22. Kh1 e4 23. g3 Ne5 24. dxe4 f4 25. Rg1 f3 26. Qf1 Rf6 27. Nb2 Rh6 28. h4 Qf6 0-1

[Event "St.Petersburg Rapid 2016"]
[Site "St Petersburg RUS"]
[Date "2016.08.27"]
[Round "1.9"]
[White "Lysyj, Igor"]
[Black "Yugina, Maria"]
[Result "1-0"]
[WhiteTitle "GM"]
[WhiteElo "2643"]
[BlackElo "2050"]
[WhiteFideId "4150120"]
[BlackFideId "4192192"]
[EventDate "2016.08.27"]

1. d4 Nf6 2. c4 e6 3. Nf3 Bb4+ 4. Bd2 a5 5. g3 b6 6. Bg2 Bb7 7. O-O O-O 8. a3
Bxd2 9. Qxd2 Ne4 10. Qc2 f5 11. Rd1 Nf6 12. Nc3 Qe7 13. d5 Na6 14. Nd4 Nc5 15.
b3 g6 16. Rab1 e5 17. Ndb5 d6 18. b4 axb4 19. axb4 Na6 20. e3 Bc8 21. f4 Ng4 22.
Re1 e4 23. h3 Nf6 24. Ne2 Bd7 25. Ned4 h5 26. h4 Kf7 27. Qc3 Rfc8 28. Ra1 c5 29.
dxc6 Bxc6 30. Nxc6 Rxc6 31. Qd4 Qe6 32. Red1 Ne8 33. Bf1 Qf6 34. Qd5+ 1-0

[Event "St.Petersburg Rapid 2016"]
[Site "St Petersburg RUS"]
[Date "2016.08.27"]
[Round "1.10"]
[White "Kopasov, Evgeny"]
[Black "Huzman, Alexander"]
[Result "0-1"]
[BlackTitle "GM"]
[WhiteElo "1993"]
[BlackElo "2577"]
[WhiteFideId "4181239"]
[BlackFideId "2803828"]
[EventDate "2016.08.27"]

1. d4 Nf6 2. c4 e6 3. Nc3 d5 4. Bg5 Be7 5. e3 h6 6. Bh4 O-O 7. Nf3 b6 8. Rb1 Bb7
9. Bxf6 Bxf6 10. cxd5 exd5 11. b4 c6 12. Qb3 Re8 13. Bd3 Nd7 14. O-O Nf8 15. a4
Ne6 16. Rfc1 Rb8 17. Qa2 c5 18. bxc5 bxc5 19. dxc5 Nxc5 20. Bf1 Ne4 21. Nb5 Qa5
22. Rb3 Rbc8 23. Rxc8 Rxc8 24. Nbd4 Ba6 25. Qa3 Bxf1 26. Kxf1 Bxd4 27. exd4 Qa6+
28. Kg1 Qe2 29. Rb1 Qxf2+ 30. Kh1 Rc3 31. Qb4 Rxf3 32. gxf3 Qxf3+ 33. Kg1 Qf2+
34. Kh1 Qf3+ 35. Kg1 Ng5 36. h4 Nh3+ 37. Kh2 Nf4 38. Qd2 Qh3+ 39. Kg1 Qg3+ 40.
Kf1 Qxh4 41. Rb8+ Kh7 42. Qc2+ g6 43. Qc8 Qh1+ 44. Kf2 Qg2+ 45. Ke3 Qe4+ 46. Kf2
Qe2+ 47. Kg3 Qe3+ 48. Kh2 Qf2+ 0-1

[Event "St.Petersburg Rapid 2016"]
[Site "St Petersburg RUS"]
[Date "2016.08.27"]
[Round "1.12"]
[White "Korobov, Ivan"]
[Black "Rozum, Ivan"]
[Result "0-1"]
[BlackTitle "GM"]
[WhiteElo "1807"]
[BlackElo "2585"]
[WhiteFideId "34179230"]
[BlackFideId "24104272"]
[EventDate "2016.08.27"]

1. d4 Nf6 2. Bf4 g6 3. Nf3 Bg7 4. e3 d6 5. Be2 Nh5 6. Bg5 h6 7. Bh4 g5 8. Bg3 e6
9. Nbd2 Qe7 10. c3 Nd7 11. Qc2 f5 12. O-O-O Ndf6 13. Nc4 Bd7 14. Nfd2 O-O-O 15.
f4 Ng4 16. Bxg4 fxg4 17. Rhf1 Rdf8 18. fxg5 Nxg3 19. hxg3 Qxg5 20. Rf4 Bc6 21.
Ne4 Qd5 22. Ned2 Qh5 23. e4 Rxf4 24. gxf4 Qh2 25. Ne3 Qxf4 26. Re1 h5 27. Qb3
Bd7 28. Qd1 Bh6 29. Re2 Rf8 30. Qe1 Qf6 31. Qh1 Bb5 32. e5 dxe5 33. c4 exd4 34.
cxb5 Bxe3 35. Kd1 Qf5 36. a4 Qd3 37. Qe1 Rf5 38. b4 Bxd2 39. Rxd2 Qb1+ 0-1

[Event "St.Petersburg Rapid 2016"]
[Site "St Petersburg RUS"]
[Date "2016.08.27"]
[Round "2.1"]
[White "Puraev, Artemiy"]
[Black "Morozevich, Alexander"]
[Result "1/2-1/2"]
[BlackTitle "GM"]
[WhiteElo "2179"]
[BlackElo "2683"]
[WhiteFideId "24147869"]
[BlackFideId "4116992"]
[EventDate "2016.08.27"]

1. d4 e6 2. Nf3 c5 3. e3 Nf6 4. Bd3 d5 5. c3 Nbd7 6. Nbd2 b6 7. Qe2 Bb7 8. e4
cxd4 9. cxd4 dxe4 10. Nxe4 Nxe4 11. Bxe4 Bxe4 12. Qxe4 Bb4+ 13. Bd2 Bxd2+ 14.
Nxd2 O-O 15. Nf3 Nf6 16. Qe2 Qd5 17. O-O Rfc8 18. a3 Ne4 19. Rac1 Nd6 20. h3 a5
21. Rfd1 h6 22. Qe5 f6 23. Qe2 a4 24. Rc2 Rxc2 25. Qxc2 b5 26. Ne1 Rc8 27. Qe2
Nf5 28. Nc2 Qc4 29. Rd2 Qxe2 30. Rxe2 Kf7 31. g4 Nh4 32. Kh2 g5 33. Kg3 Ng6 34.
d5 exd5 35. Nd4 Nf4 36. Re3 Rc1 37. Nxb5 Rh1 38. Nd6+ Kg6 39. f3 Rxh3+ 40. Kf2
Rh2+ 41. Kf1 Rxb2 42. Re7 Rb1+ 43. Kf2 Nd3+ 44. Kg3 Rg1+ 45. Kh2 Re1 46. Ra7
Re2+ 47. Kh1 f5 48. Nxf5 Kf6 49. Nxh6 Ra2 50. Rxa4 Nc5 51. Ra8 Ke5 52. Rf8 Kd4
53. Nf5+ Ke5 54. Ne3 d4 55. Rf5+ Ke6 56. Rxc5 dxe3 57. Rc4 Ke5 1/2-1/2

[Event "St.Petersburg Rapid 2016"]
[Site "St Petersburg RUS"]
[Date "2016.08.27"]
[Round "2.3"]
[White "Dubov, Daniil"]
[Black "Saveliev, Alexei"]
[Result "1-0"]
[WhiteTitle "GM"]
[WhiteElo "2648"]
[BlackElo "2339"]
[WhiteFideId "24126055"]
[BlackFideId "24128546"]
[EventDate "2016.08.27"]

1. c4 c5 2. Nf3 Nc6 3. d4 cxd4 4. Nxd4 Nf6 5. Nc3 e6 6. g3 Be7 7. Bg2 O-O 8. O-O
a6 9. Bf4 Qb6 10. Nb3 Rd8 11. c5 Qa7 12. Bc7 Re8 13. Na4 Bd8 14. Bb6 Qb8 15. Qd2
Bc7 16. Rad1 Rd8 17. e3 Ne8 18. Na5 d5 19. cxd6 Rxd6 20. Nxc6 bxc6 21. Qa5 Bxb6
22. Nxb6 Ra7 23. Rxd6 Nxd6 24. Rd1 Qc7 25. Qc5 1-0

[Event "St.Petersburg Rapid 2016"]
[Site "St Petersburg RUS"]
[Date "2016.08.27"]
[Round "2.4"]
[White "Grigoriev, Semyon"]
[Black "Matlakov, Maxim"]
[Result "1-0"]
[BlackTitle "GM"]
[WhiteElo "2132"]
[BlackElo "2686"]
[WhiteFideId "24111694"]
[BlackFideId "4168003"]
[EventDate "2016.08.27"]

1. d4 g6 2. e4 Bg7 3. Nc3 d6 4. f4 a6 5. Nf3 b5 6. Bd3 Bb7 7. O-O Nd7 8. e5 Nh6
9. e6 fxe6 10. Ng5 Nf8 11. Be4 Bxe4 12. Ncxe4 Nf5 13. c3 Qc8 14. a4 b4 15. g4
Nh4 16. Qe1 h6 17. Qxh4 hxg5 18. Qf2 Qb7 19. Nxg5 Bf6 20. Qf3 Qxf3 21. Nxf3 bxc3
22. bxc3 Nd7 23. a5 Rb8 24. Bd2 c5 25. Rae1 cxd4 26. cxd4 Kf7 27. Ng5+ Kg8 28.
Nxe6 Rh4 29. g5 Bh8 30. Rb1 Kf7 31. Rxb8 Nxb8 32. d5 Rh3 33. Rc1 Rd3 34. Rc8
Rxd5 35. Nd8+ Kg8 36. Be3 Nd7 37. Nc6+ Kh7 38. Rc7 Rd3 39. Bf2 Rc3 40. Rxd7 Rxc6
41. Rxe7+ Kg8 42. f5 Be5 43. f6 Kf8 44. Kg2 Rc2 45. Kf3 Bxh2 46. Bd4 Rd2 47. Be3
Rd5 48. Rg7 Rxa5 49. Rxg6 Ra3 50. Rh6 Be5 51. Ke4 Kf7 52. Rh7+ Kf8 53. Kf5 Rxe3
54. Rh8+ Kf7 55. g6# 1-0

[Event "St.Petersburg Rapid 2016"]
[Site "St Petersburg RUS"]
[Date "2016.08.27"]
[Round "2.5"]
[White "Ponkratov, Pavel"]
[Black "Abramov, Nikita"]
[Result "1/2-1/2"]
[WhiteTitle "GM"]
[BlackTitle "FM"]
[WhiteElo "2589"]
[BlackElo "2276"]
[WhiteFideId "4157800"]
[BlackFideId "24198951"]
[EventDate "2016.08.27"]

1. Nf3 Nf6 2. g3 b6 3. Bg2 Bb7 4. O-O e6 5. a4 a5 6. d3 d5 7. Nbd2 Be7 8. e4
dxe4 9. Ng5 Na6 10. dxe4 O-O 11. e5 Bxg2 12. Kxg2 Qd5+ 13. Ngf3 Nd7 14. Qe2 Nb4
15. Nc4 Nc5 16. Rd1 Qb7 17. h4 Rfd8 18. Bg5 Bxg5 19. hxg5 Ne4 20. Kg1 Na6 21.
Qe3 Nb4 22. Ne1 Qc6 23. b3 Nc5 24. Na3 Qe4 25. Qxe4 Nxe4 26. Nb5 c6 27. Nd6 Nxd6
28. exd6 Nd5 29. Rd3 b5 30. axb5 cxb5 31. c4 Nb4 32. Rd4 bxc4 33. bxc4 e5 34.
Rd2 a4 35. Ra3 Rac8 36. Rxa4 Rxc4 37. Nd3 Rd4 38. Rxb4 R4xd6 39. Kf1 f5 40. gxf6
Rxd3 41. Rxd3 Rxd3 42. fxg7 Kxg7 43. Ke2 Ra3 44. Rb7+ Kg6 45. Re7 Ra5 46. Kf3
Ra3+ 47. Ke4 Ra2 48. f3 Re2+ 49. Kd3 Re1 50. Re6+ Kf7 51. Rh6 Kg7 52. Rh5 Kg6
53. g4 Rd1+ 54. Ke3 Re1+ 55. Kf2 Ra1 56. Rxe5 Kf6 57. Rb5 h6 58. Kg3 Ra3 59. Rb8
Kg6 60. Rg8+ Kf7 61. Rh8 Kg7 62. Re8 Kf6 63. Kf4 Rb3 64. Re4 Ra3 65. Rb4 Ra6 66.
Kg3 Ra3 67. Rf4+ Kg6 68. Kh4 Re3 69. Rf5 Ra3 70. f4 Rf3 1/2-1/2

[Event "St.Petersburg Rapid 2016"]
[Site "St Petersburg RUS"]
[Date "2016.08.27"]
[Round "2.6"]
[White "Leontiev, Aleksandr V."]
[Black "Alekseev, Evgeny"]
[Result "0-1"]
[WhiteTitle "IM"]
[BlackTitle "GM"]
[WhiteElo "2285"]
[BlackElo "2636"]
[WhiteFideId "4122968"]
[BlackFideId "4138147"]
[EventDate "2016.08.27"]

1. c4 e6 2. Nf3 d5 3. g3 d4 4. Bg2 c5 5. b4 cxb4 6. O-O Nc6 7. e3 Nf6 8. Bb2 e5
9. exd4 exd4 10. d3 a5 11. Nbd2 a4 12. Re1+ Be7 13. Ne5 Ra6 14. Ndf3 O-O 15.
Nxc6 bxc6 16. Bxd4 c5 17. Bb2 Bb7 18. a3 b3 19. Qd2 Nd7 20. Ne5 Bxg2 21. Kxg2
Nxe5 22. Rxe5 Rd6 23. Qe2 Bf6 24. Rxc5 Bxb2 25. Qxb2 Rxd3 26. Re1 Rd2 27. Qe5 h6
28. Rd5 Qa8 29. Kg1 Rd8 30. Rxd8+ Qxd8 31. Qb5 Qf6 32. Qe8+ Kh7 33. Qe3 Rc2 34.
c5 g6 35. Rc1 Qb2 36. Rd1 Kg7 37. Rd7 Qc1+ 38. Qxc1 Rxc1+ 39. Kg2 b2 0-1

[Event "St.Petersburg Rapid 2016"]
[Site "St Petersburg RUS"]
[Date "2016.08.27"]
[Round "2.8"]
[White "Schekachikhin, Maksim"]
[Black "Lysyj, Igor"]
[Result "0-1"]
[WhiteTitle "FM"]
[BlackTitle "GM"]
[WhiteElo "2354"]
[BlackElo "2643"]
[WhiteFideId "24177830"]
[BlackFideId "4150120"]
[EventDate "2016.08.27"]

1. d4 Nf6 2. c4 e6 3. Nf3 b6 4. g3 Bb4+ 5. Bd2 c5 6. Bxb4 cxb4 7. Bg2 Bb7 8. O-O
O-O 9. a3 bxa3 10. Rxa3 Qc7 11. Nbd2 a5 12. Rc3 Na6 13. Re1 d6 14. e4 e5 15. Qb1
Rfe8 16. d5 Bc8 17. Nf1 Nc5 18. h3 Bd7 19. g4 h5 20. g5 Nh7 21. Ng3 g6 22. Qc1
Qd8 23. Qe3 Rf8 24. Rf1 f6 25. h4 fxg5 26. Nxg5 Nxg5 27. hxg5 Rf4 28. f3 b5 29.
Ne2 b4 30. Rcc1 Qxg5 31. Nxf4 exf4 32. Qe2 h4 33. Kh1 h3 34. Rg1 hxg2+ 35. Rxg2
Qf6 36. Rcg1 Kf7 37. Rh2 Rh8 38. Rg2 Bh3 39. Rg1 g5 40. Qf2 g4 41. e5 Qxe5 42.
fxg4 Qe4+ 0-1

[Event "St.Petersburg Rapid 2016"]
[Site "St Petersburg RUS"]
[Date "2016.08.27"]
[Round "2.9"]
[White "Huzman, Alexander"]
[Black "Malinin, Vasily B."]
[Result "1-0"]
[WhiteTitle "GM"]
[BlackTitle "GM"]
[WhiteElo "2577"]
[BlackElo "2224"]
[WhiteFideId "2803828"]
[BlackFideId "4140249"]
[EventDate "2016.08.27"]

1. Nf3 Nc6 2. d4 d5 3. Bf4 Nf6 4. e3 Nh5 5. Bg3 Nxg3 6. hxg3 Bg4 7. Nbd2 e5 8.
dxe5 Nxe5 9. Be2 Bxf3 10. Nxf3 Bd6 11. Qd4 Qe7 12. Qxd5 O-O-O 13. O-O-O Kb8 14.
Nd4 c6 15. Qb3 Bc5 16. f4 Bxd4 17. exd4 Nd7 18. Bf3 Nb6 19. Rhe1 Qf6 20. Qb4 h5
21. Qc5 h4 22. Qe5+ Qxe5 23. Rxe5 hxg3 24. Rg5 g6 25. Rxg3 Rh4 26. f5 gxf5 27.
c3 Nc4 28. Rg7 Rd7 29. Re1 Nd6 30. Kc2 f4 31. Re5 Kc7 32. Kd3 f6 33. Rxd7+ Kxd7
34. Rh5 Rxh5 35. Bxh5 Ke6 36. Bg4+ f5 37. Bf3 Ne8 38. c4 Nf6 39. b4 Kd6 40. a4
Ng4 41. c5+ Ke6 42. b5 Nf2+ 43. Kc4 Ne4 44. b6 a5 45. d5+ cxd5+ 46. Kd4 Nf6 47.
Be2 Kd7 48. Bb5+ Kc8 49. Ke5 Ne4 50. Kxd5 Nc3+ 51. Kc4 Nd1 52. c6 Ne3+ 53. Kc5
bxc6 54. Bxc6 Ng4 55. Kb5 Ne5 56. Bf3 Kb8 57. Kxa5 Nc4+ 58. Kb5 Nd6+ 59. Kc6 Nc4
60. Kc5 Ne5 61. a5 Nd7+ 62. Kb5 Nf6 63. a6 Ne4 64. Kc6 Nc3 65. a7+ Ka8 66. Kc7+
Ne4 67. b7+ 1-0

[Event "St.Petersburg Rapid 2016"]
[Site "St Petersburg RUS"]
[Date "2016.08.27"]
[Round "2.10"]
[White "Kiselev, Pavel"]
[Black "Lintchevski, Daniil"]
[Result "0-1"]
[BlackTitle "GM"]
[WhiteElo "2295"]
[BlackElo "2527"]
[WhiteFideId "4191102"]
[BlackFideId "4171055"]
[EventDate "2016.08.27"]

1. d4 Nf6 2. Nf3 e6 3. Bf4 c5 4. c3 Nc6 5. e3 Qb6 6. Qc1 Nh5 7. Bg3 d5 8. Bh4 h6
9. Be2 g5 10. Bg3 Nxg3 11. hxg3 Bg7 12. Nbd2 g4 13. dxc5 Qxc5 14. Nd4 e5 15. Nb5
Qe7 16. e4 d4 17. Nc4 Be6 18. Nbd6+ Kf8 19. Rh5 Rd8 20. Nf5 Bxf5 21. Rxf5 h5 22.
Qc2 Bh6 23. a4 h4 24. gxh4 Qxh4 25. Qb3 Qe7 26. Bxg4 Bf4 27. Bh5 f6 28. Rd1 Kg7
29. Kf1 Bg5 30. g4 dxc3 31. bxc3 Rxd1+ 32. Qxd1 Rd8 33. Qf3 Qe6 34. Ne3 Ne7 35.
Rxg5+ fxg5 36. Nf5+ Nxf5 37. exf5 Qc6 38. f6+ Kf8 39. Qxc6 bxc6 40. Ke2 Rd6 41.
f7 Rf6 42. Ke3 Rf4 43. a5 Kg7 44. a6 Ra4 45. Kd3 c5 46. c4 Rxa6 47. Ke4 Rf6 48.
Kxe5 a5 0-1

[Event "St.Petersburg Rapid 2016"]
[Site "St Petersburg RUS"]
[Date "2016.08.27"]
[Round "2.11"]
[White "Rozum, Ivan"]
[Black "Fomin, Andrey"]
[Result "1-0"]
[WhiteTitle "GM"]
[WhiteElo "2585"]
[BlackElo "2150"]
[WhiteFideId "24104272"]
[BlackFideId "4162447"]
[EventDate "2016.08.27"]

1. d4 d5 2. Nf3 Bg4 3. Ne5 Bf5 4. c4 Nc6 5. cxd5 Qxd5 6. Nxc6 Bxb1 7. Ne5 Bg6 8.
f3 e6 9. e4 Qa5+ 10. Kf2 O-O-O 11. Be3 Qb4 12. Nd3 Qe7 13. Qa4 Kb8 14. Rc1 Nf6
15. Bf4 Ne8 16. Nc5 f6 17. Qb5 1-0

[Event "St.Petersburg Rapid 2016"]
[Site "St Petersburg RUS"]
[Date "2016.08.27"]
[Round "2.12"]
[White "Yapparov, Timur"]
[Black "Chigaev, Maksim"]
[Result "0-1"]
[BlackTitle "IM"]
[WhiteElo "2179"]
[BlackElo "2550"]
[WhiteFideId "24112194"]
[BlackFideId "4108116"]
[EventDate "2016.08.27"]

1. d4 Nf6 2. Nf3 g6 3. Bg5 Bg7 4. c3 O-O 5. Nbd2 d6 6. e4 c5 7. dxc5 dxc5 8. Qc2
Nc6 9. Be2 h6 10. Bh4 Nh5 11. O-O g5 12. Bg3 Nxg3 13. hxg3 Qc7 14. Nc4 b6 15.
Ne3 e6 16. a4 Bb7 17. Rfe1 Rac8 18. Rad1 Qe7 19. Bc4 h5 20. Ba2 g4 21. Nd2 Ne5
22. Ndc4 Rfd8 23. Bb1 Ba6 24. Ba2 Qg5 25. Rxd8+ Rxd8 26. Rd1 Bb7 27. Nxe5 Bxe5
28. Rxd8+ Qxd8 29. Nc4 Bf6 30. Bb1 Ba6 31. e5 Bxc4 32. Qh7+ Kf8 33. exf6 Qxf6
34. Qxh5 Be2 35. a5 Ke7 36. axb6 axb6 37. Qh7 Qe5 38. Qe4 Kf6 39. Qc6 Bc4 40.
Be4 Kg7 41. Qb7 b5 42. Kh2 Qh5+ 43. Kg1 Qg5 44. Kh2 Qh6+ 45. Kg1 Qc1+ 46. Kh2
Qh6+ 47. Kg1 Qd2 48. f3 Qxb2 49. Qe7 Qc1+ 50. Kh2 Qh6+ 51. Kg1 gxf3 52. Bxf3
Qe3+ 53. Kh2 Qe5 54. Bc6 Bd3 55. Be8 Bg6 0-1

[Event "St.Petersburg Rapid 2016"]
[Site "St Petersburg RUS"]
[Date "2016.08.27"]
[Round "3.2"]
[White "Vlasenko, Miroslav"]
[Black "Dubov, Daniil"]
[Result "0-1"]
[WhiteTitle "IM"]
[BlackTitle "GM"]
[WhiteElo "2423"]
[BlackElo "2648"]
[WhiteFideId "4151887"]
[BlackFideId "24126055"]
[EventDate "2016.08.27"]

1. d4 Nf6 2. Bg5 Ne4 3. Bf4 c5 4. f3 Qa5+ 5. c3 Nf6 6. d5 e6 7. e4 exd5 8. exd5
d6 9. Qd2 Be7 10. c4 Qd8 11. Nc3 O-O 12. Bd3 Nbd7 13. Nge2 Nh5 14. Be3 Ne5 15.
O-O Re8 16. Bc2 g6 17. b3 a6 18. a4 f5 19. h3 b6 20. g4 Ng7 21. f4 Nf7 22. g5
Nh5 23. h4 Ra7 24. Bf2 Bf8 25. Bd3 Rae7 26. Rae1 Bg7 27. Nd1 Bd7 28. Ne3 Qb8 29.
Ng2 b5 30. axb5 axb5 31. Ng3 Nxg3 32. Bxg3 bxc4 33. bxc4 Qb3 34. Rxe7 Rxe7 35.
Rb1 Qa3 36. h5 Re8 37. h6 Bc3 38. Qd1 Ba4 39. Qf1 Qa2 40. Rb7 Qd2 41. Qb1 Bd1
42. Rb8 Nd8 43. Rxd8 Bd4+ 44. Kh2 Rxd8 45. Be1 Qb2 46. Qxd1 Re8 47. Bg3 Qa2 48.
Kh3 Re7 49. Qb1 Qxb1 50. Bxb1 Rb7 51. Bc2 Rb4 52. Be1 Rxc4 53. Bb3 Rc1 54. Bd2
Ra1 55. Bc4 Bf2 56. Kh2 Bg1+ 0-1

[Event "St.Petersburg Rapid 2016"]
[Site "St Petersburg RUS"]
[Date "2016.08.27"]
[Round "3.3"]
[White "Alekseev, Evgeny"]
[Black "Gubajdullin, Alexei"]
[Result "1-0"]
[WhiteTitle "GM"]
[BlackTitle "FM"]
[WhiteElo "2636"]
[BlackElo "2367"]
[WhiteFideId "4138147"]
[BlackFideId "4141202"]
[EventDate "2016.08.27"]

1. e4 g6 2. d4 Bg7 3. Nf3 d6 4. Bd3 Nf6 5. O-O O-O 6. Re1 Nc6 7. d5 Nb4 8. Bf1
a5 9. h3 Nd7 10. c4 c6 11. Nc3 Nc5 12. Be3 e5 13. a3 Nba6 14. b4 cxd5 15. Nxd5
Ne6 16. Bb6 Qe8 17. Bxa5 Nd4 18. Nxd4 exd4 19. Bb6 d3 20. Rb1 Be6 21. Qxd3 Rc8
22. Rbd1 f6 23. Qg3 Qf7 24. Qxd6 Kh8 25. c5 Nb8 26. b5 Nd7 27. Nf4 Nxb6 28. Nxe6
Kg8 1-0